000 00466nam a22001817a 4500
005 20260123131627.0
008 260123b |||||||| |||| 00| 0 eng d
020 _a9788120417977
_c475.00
040 _aMAIN
041 _aEnglish
082 _a333.95316
_bCHA
100 _aChawla, H.S.
_926034
245 _aIntroduction to Intellectual Property Rights
260 _aNew Delhi
_bCBS
_c2023
300 _a296
650 _aEnvironment Science
_9310
942 _cBK
999 _c60077
_d60077